000 00469nam a2200181Ia 4500
001 17073
005 20260306170358.0
008 260306t2007||||xx |||||||||||||| ||und||
041 _aESP
082 _a657.45
_bH51 2007
100 _aHidalgo Ortgega, Jesús
_eAUT
245 0 _aAuditoría de estados financieros:
_bTeoría y casos prácticos
260 _c2007
300 _a637 páginas :
_c21 cm.
650 _aGEN
654 _aCCO
942 _cLIB
_dJUS
_fJUS
_2ddc
_n
999 _c17073
_d17073